North American Sport Teams Randomized - Statistics

General Stats
  • This quiz has been taken 39 times
  • The average score is 22 of 25
Answer Stats
Picture Answer % Correct
Anaheim Ducks
100%
Arizona Cardinals
100%
Arizona Diamondbacks
100%
Atlanta Braves
100%
Atlanta Falcons
100%
Baltimore Ravens
100%
Boston Bruins
100%
Boston Celtics
100%
Boston Red Sox
100%
Buffalo Bills
100%
Buffalo Sabres
100%
Carolina Panthers
100%
Charlotte Hornets
100%
Chicago Bears
100%
Chicago Bulls
100%
Chicago Cubs
100%
Cincinnati Bengals
100%
Cincinnati Reds
100%
Cleveland Browns
100%
Cleveland Cavaliers
100%
Colorado Avalanche
100%
Colorado Rockies
100%
Dallas Cowboys
100%
Dallas Stars
100%
Denver Broncos
100%
Denver Nuggets
100%
Detroit Lions
100%
Detroit Red Wings
100%
Detroit Tigers
100%
Edmonton Oilers
100%
Golden State Warriors
100%
Green Bay Packers
100%
Houston Astros
100%
Houston Rockets
100%
Houston Texans
100%
Indiana Pacers
100%
Jacksonville Jaguars
100%
Las Vegas Raiders
100%
Los Angeles Angels
100%
Los Angeles Chargers
100%
Los Angeles Clippers
100%
Los Angeles Dodgers
100%
Los Angeles Kings
100%
Los Angeles Lakers
100%
Los Angeles Rams
100%
Memphis Grizzlies
100%
Miami Dolphins
100%
Miami Marlins
100%
Milwaukee Brewers
100%
Milwaukee Bucks
100%
Minnesota Timberwolves
100%
Minnesota Twins
100%
Minnesota Vikings
100%
Minnesota Wild
100%
Nashville Predators
100%
New England Patriots
100%
New Jersey Devils
100%
New Orleans Saints
100%
New York Giants
100%
New York Jets
100%
New York Knicks
100%
New York Rangers
100%
New York Yankees
100%
Oklahoma City Thunder
100%
Orlando Magic
100%
Ottawa Senators
100%
Philadelphia Eagles
100%
Philadelphia Flyers
100%
Philadelphia Phillies
100%
Pittsburgh Penguins
100%
Pittsburgh Pirates
100%
Pittsburgh Steelers
100%
Portland Trailblazers
100%
Sacramento Kings
100%
San Antonio Spurs
100%
San Diego Padres
100%
San Francisco 49ers
100%
San Jose Sharks
100%
Seattle Mariners
100%
Tampa Bay Buccaneers
100%
Tampa Bay Lightning
100%
Tennessee Titans
100%
Texas Rangers
100%
Toronto Blue Jays
100%
Toronto Maple Leafs
100%
Toronto Raptors
100%
Utah Jazz
100%
Vancouver Canucks
100%
Vegas Golden Knights
100%
Washington Capitals
100%
Washington Football Team
100%
Seattle Kraken
75%
Calgary Flames
67%
Phoenix Suns
67%
St. Louis Cardinals
67%
Washington Nationals
67%
Winnipeg Jets
67%
Baltimore Orioles
50%
Chicago White Sox
50%
Detroit Pistons
50%
Florida Panthers
50%
Montreal Canadiens
50%
New Orleans Pelicans
50%
New York Islanders
50%
San Francisco Giants
50%
St. Louis Blues
50%
Arizona Coyotes
0%
Atlanta Hawks
0%
Brooklyn Nets
0%
Carolina Hurricanes
0%
Chicago Blackhawks
0%
Cleveland Guardians
0%
Columbus Blue Jackets
0%
Dallas Mavericks
0%
Indianapolis Colts
0%
Kansas City Chiefs
0%
Kansas City Royals
0%
Miami Heat
0%
New York Mets
0%
Oakland Athletics
0%
Philadelphia 76ers
0%
Seattle Seahawks
0%
Tampa Bay Rays
0%
Washington Wizards
0%
No matching quizzes found
Score Distribution
Percent of People with Each Score
Percentile by Number Answered
Your Score History
You have not taken this quiz